00903nam a22002537a 4500003000900000005001700009008003000026020001900056040002200075082001500097100002600112245009300138260004000231300002600271490001200297500006800309700003900377830001200416942001200428945003900440952011500479956004000594999001500634DO-SdBNP20180313105153.0160425b 2005 dr00| 0 fre d a97899451100722 aBPMSUbfrecBPMSU 4axxxxbxxxx1 aFlores Infante, Tania1 aEntre amis 1 /cTania Flores Infante ; dirección editorial Obdulia García de Escobar aSanto Domingo :bSantillana,c2005. a39 p. :bil.,c28 cm.1 aÁmbar aLa biblioteca posee el cahier 5to. curso. Educación básica1 aGarcía de Escobar, Obdulia,eed. 1aÁmbar 2ddccBK aRemanejado para la BNPHU / 2018 BT 00102ddc4070aBPMETbBPMETd2016-04-25eDonaciónl0oxxxx xxxxpBPMSU16040678r2016-04-25w2016-04-25yBK aBTAVAREZb10cBPMSUd20160425f0038 c9913d9913